Kiswahili conjugations basis - Statistics

General Stats
  • This quiz has been taken 40 times
  • The average score is 4 of 15
Answer Stats
English Kiswahili % Correct
I Mimi
60%
I Ni
40%
You (sg) U
40%
You (sg) Wewe
40%
He/She Yeye
40%
He/She A
20%
Past Li
20%
You (pl) M
20%
Present Na
20%
You (pl) Ninyi
20%
Future Ta
20%
They Wao
20%
We Sisi
0%
We Tu
0%
They Wa
0%
No matching quizzes found
Score Distribution
Percent of People with Each Score
Percentile by Number Answered
Your Score History
You have not taken this quiz